Library Banner
Normal view MARC view

Entry Personal Name

Number of records used in: 1

001 - CONTROL NUMBER

  • control field: 12191

003 - CONTROL NUMBER IDENTIFIER

  • control field: PK-LaUMT

005 - DATE AND TIME OF LATEST TRANSACTION

  • control field: 20260603120748.0

008 - FIXED-LENGTH DATA ELEMENTS

  • fixed length control field: 260603|| aca||aabn | a|a d

040 ## - CATALOGING SOURCE

  • Original cataloging agency: PK-LaUMT
  • Transcribing agency: PK-LaUMT

100 ## - HEADING--PERSONAL NAME

  • Personal name: Insharah Saleem

670 ## - SOURCE DATA FOUND

  • Source citation: Work cat.: (PK-LaUMT)140936: Insharah Saleem, Formulation and characterization of oil-in-water emulsions encapsulating different concentrations of Ashwagandha :, 2025